<?xml version="1.0" encoding="UTF-8"?>
<marc:record xmlns:marc="http://www.loc.gov/MARC21/slim">
   <marc:leader>00000nam a2200000 a 4500</marc:leader>
   <marc:datafield ind1="1" ind2=" " tag="100">
      <marc:subfield code="a">Zoschke, Barbara</marc:subfield>
      <marc:subfield code="4">aut</marc:subfield>
      <marc:subfield code="e">Verfasser/-in</marc:subfield>
   </marc:datafield>
   <marc:datafield ind1="0" ind2="0" tag="245">
      <marc:subfield code="a">Hier kommt die Ponyfee!</marc:subfield>
   </marc:datafield>
   <marc:datafield ind1="0" ind2="0" tag="245">
      <marc:subfield code="b">Das Versteck in der Sternenhöhle</marc:subfield>
   </marc:datafield>
   <marc:datafield ind1=" " ind2="1" tag="264">
      <marc:subfield code="b">Audiolino</marc:subfield>
      <marc:subfield code="c">2007</marc:subfield>
   </marc:datafield>
   <marc:datafield ind1="1" ind2=" " tag="520">
      <marc:subfield code="a">Ponyfee muss nur noch einmal schlafen, dann hat sie Geburtstag. Sie freut sich riesig auf das große Fest mit vielen Gästen und tollen Überraschungen. Doch plötzlich sind alle verschwunden und sie ist ganz allein im Schloss. Zusammen mit ihrem Pony Mondmädchen bricht die kleine Fee auf, um die anderen zu suchen. Eine abenteuerliche Reise volle Magie und geheimnisvoller Entdeckungen beginnt.</marc:subfield>
   </marc:datafield>
   <marc:datafield ind1=" " ind2=" " tag="020">
      <marc:subfield code="a">9783867370004</marc:subfield>
      <marc:subfield code="9">9783867370004</marc:subfield>
   </marc:datafield>
</marc:record>
